000
00260nam a2200109 4500
008
160625b xxu||||| |||| 00| 0 eng d
100
_9
1112
_a
Trollope, J
245
_a
The Choir
260
_a
Lon
_b
Transworld Pub.
_c
1988
300
_a
The Choir
942
_2
ddc
_c
BK
999
_c
897
_d
897